000 00406nam a2200157 i 4500
001 85817
003 ES-MaACL
005 20230906175321.0
007 t|
008 041202s1969 sp ||||1| spa d
100 1 _aJunyent, Alberto.
_967314
245 1 0 _aAiguabarreig /
_cAlbert Junyent.
260 _aBarcelona :
_bDalmau,
_c1969.
300 _a107 p. ;
_c17 cm.
852 _aES-MaACL
_jC-47686
_bR.720939
999 _c85817
_d85817